| 000 | 01117nam a22002897a 4500 | ||
|---|---|---|---|
| 999 |
_c65900 _d65900 |
||
| 005 | 20240530110849.0 | ||
| 008 | 201102s2020 ua a b f b 000 0dara d | ||
| 017 |
_a2019/19713 _bمصر. دار الكتب |
||
| 020 | _a9789773195212 | ||
| 040 |
_aEG-CaGPL _cEG-CaGPL |
||
| 082 | 0 | 4 |
_221 _a327.16/ _bق/ن س |
| 100 | 0 | _aنجلاء مرعى | |
| 245 | 1 | 0 |
_aسد النهضة الاثيوبى : _bالصراع المائى بين مصر ودول حوض النيل / _cنجلاء مرعى |
| 250 | _aط.1 | ||
| 260 |
_aالقاهرة : _bالعربى للنشر و التوزيع، _c2020. |
||
| 300 |
_a247 ص. : _bايض ؛ _c24 سم. |
||
| 504 | _aيشتمل على ارجاعات ببليوجرافية | ||
| 650 | 0 | 7 |
_2qrmak _aالمنازعات الدولية |
| 650 | 0 | 7 |
_2qrmak _aمصادر المياه |
| 650 | 0 | 7 |
_2qrmak _aنهر النيل |
| 650 | 0 | 7 |
_2qrmak _aالمياه _xقوانين وتشريعات |
| 651 | _2qrmak | ||
| 653 | 0 | _aسد النهضة | |
| 653 | 0 | _aدول حوض النيل - الصراع المائى | |
| 942 |
_2ddc _cBK |
||